000
00286nam a22001217a 4500
020
_a
9780727730985
082
_a
627.
_b
PUR/DE
100
_a
Purcell,Patrick
_9
1054
245
_a
Design of Water Resources System
260
_a
London
_b
ICE Publishing
_c
2014
300
_a
222
942
_c
BK
999
_c
14604
_d
14604